Family and marriage among the Keralite immigrants in Delhi : A study with reference to ideology, values and norms (Record no. 14052)
[ view plain ]
| 000 -LEADER | |
|---|---|
| fixed length control field | 00571nam a2200181Ia 4500 |
| 082 ## - DEWEY DECIMAL CLASSIFICATION NUMBER | |
| Classification number | TS.0170 |
| 100 ## - MAIN ENTRY--AUTHOR NAME | |
| Personal name | Suresh Kumar, P.M. |
| 245 #0 - TITLE STATEMENT | |
| Title | Family and marriage among the Keralite immigrants in Delhi : A study with reference to ideology, values and norms |
| 260 ## - PUBLICATION, DISTRIBUTION, ETC. (IMPRINT) | |
| Year of publication | 1981 |
| Name of publisher | Jawaharlal Nehru University |
| 300 ## - PHYSICAL DESCRIPTION | |
| Number of Pages | 272p. + C D - 56 |
| 650 ## - SUBJECT ADDED ENTRY--TOPICAL TERM | |
| Topical Term | KERALITE - MARRIAGE CUSTOMS AND RITES |
| 650 ## - SUBJECT ADDED ENTRY--TOPICAL TERM | |
| Topical Term | FAMILY - DELHI |
| 650 ## - SUBJECT ADDED ENTRY--TOPICAL TERM | |
| Topical Term | MIGRATION, INTERNA |
| 650 ## - SUBJECT ADDED ENTRY--TOPICAL TERM | |
| Topical Term | MIGRATION, INTERNAL - DELHI |
| 650 ## - SUBJECT ADDED ENTRY--TOPICAL TERM | |
| Topical Term | KINSHIP |
| 710 ## - ADDED ENTRY--CORPORATE NAME | |
| Corporate name or jurisdiction name as entry element | Venugopal, C.N. |
| 942 ## - ADDED ENTRY ELEMENTS (KOHA) | |
| Koha item type | Thesis |
| Source of classification or shelving scheme | Dewey Decimal Classification |
| Withdrawn status | Lost status | Damaged status | Not for loan | Home library | Current library | Date acquired | Bill Date | Full call number | Accession Number | Price effective from | Koha item type |
|---|---|---|---|---|---|---|---|---|---|---|---|
| NASSDOC Library | NASSDOC Library | 08/10/2004 | 2004-10-22 | TS.0170 | 15744 | 18/04/2019 | Thesis |
